[Event "Tournoi Skype 020B"]
[Site "Skype"]
[Date "????.??.??"]
[Round "4.31"]
[White "Gieschen, Mike"]
[Black "Gonzalez, Ivan"]
[Result "1-0"]
[WhiteElo "1212"]
[BlackElo "1000"]
[PlyCount "93"]

1. Nf3 Nc6 2. Nc3 d5 3. d4 Bf5 4. Bf4 f6 5. e3 e6 6. Be2 h6 7. O-O Qd7 8. Bd3
O-O-O 9. Bxf5 exf5 10. Qd3 g6 11. Nb5 Kb8 12. a4 Kc8 13. b3 Nge7 14. c4 a6 15.
Nc3 Nb4 16. Qe2 Bg7 17. c5 g5 18. Bg3 Nec6 19. Na2 g4 20. Nd2 Rhe8 21. Nxb4
Nxb4 22. Rfc1 c6 23. h3 a5 24. h4 h5 25. Nf1 Bh6 26. Kh1 Re6 27. Kg1 Rde8 28.
Rc3 Qe7 29. Re1 Nc2 30. Rxc2 f4 31. Bh2 g3 32. fxg3 fxe3 33. Rc3 f5 34. Qxh5 e2
35. Qxf5 exf1=B 36. Rxf1 Kd8 37. Rcf3 Re1 38. Qf6 Re6 39. Qxe7+ R8xe7 40. g4 b5
41. cxb6 Rb7 42. g5 Rxb6 43. gxh6 Rxh6 44. Rh3 Rxb3 45. Rxb3 Rxh4 46. Rf7 Rxh2
47. Rb8# 1-0

[Event "Tournoi Skype 020B"]
[Site "Skype"]
[Date "????.??.??"]
[Round "4.32"]
[White "Alverson, Ginny"]
[Black "Amato, Ludovica"]
[Result "0-1"]
[WhiteElo "1146"]
[BlackElo "1198"]
[PlyCount "72"]

1. Nf3 a6 2. e3 c5 3. d4 Nf6 4. Nbd2 cxd4 5. Nxd4 e5 6. Nf5 d5 7. Bd3 e4 8.
Bxe4 Nxe4 9. Nxe4 Bxf5 10. Ng3 Bg6 11. O-O Nc6 12. f4 h6 13. f5 Bh7 14. Qh5 Bc5
15. Qg4 O-O 16. Nh5 g6 17. fxg6 Bxg6 18. Nf6+ Kh8 19. Qh3 Kg7 20. Rf4 d4 21.
Qg4 Ne5 22. Nh5+ Kh8 23. Qg3 Bxh5 24. exd4 Bxd4+ 25. Be3 Bxb2 26. Raf1 Qc7 27.
c4 Nxc4 28. Bd4+ Bxd4+ 29. Rxd4 Qxg3 30. hxg3 Rac8 31. Rf5 Bg6 32. Rf6 Ne3 33.
Rh4 Rc2 34. Rxh6+ Bh7 35. Rh2 Ng4 36. Rfh6 Rc1# 0-1

[Event "Tournoi Skype 020B"]
[Site "Skype"]
[Date "????.??.??"]
[Round "4.33"]
[White "Lequeux, Pierre"]
[Black "Sahrane, Yani"]
[Result "1-0"]
[WhiteElo "1180"]
[BlackElo "1000"]
[PlyCount "47"]

1. e4 e5 2. Nf3 d6 3. Bd3 c6 4. Nc3 Nd7 5. b4 b6 6. Be2 Ba6 7. a4 Rc8 8. O-O
Ngf6 9. Bc4 Be7 10. h3 O-O 11. b5 cxb5 12. axb5 Bb7 13. Rxa7 Ra8 14. Rxb7 Qc8
15. Rxd7 Qxd7 16. Bb2 Qb7 17. d3 Ra7 18. Qd2 Ra2 19. Nxa2 Ra8 20. Nb4 Ng4 21.
hxg4 Kh8 22. Nd5 Bd8 23. Ng5 Kg8 24. f4 1-0

[Event "Tournoi Skype 020B"]
[Site "Skype"]
[Date "????.??.??"]
[Round "4.34"]
[White "Gagnon, Sindy"]
[Black "Mimouni, Driss"]
[Result "0-1"]
[WhiteElo "1000"]
[BlackElo "1000"]
[PlyCount "74"]

1. e4 e5 2. Nc3 Nf6 3. Nf3 Nc6 4. d3 Bb4 5. Bd2 d6 6. Be2 Bc5 7. Na4 Ng4 8. Ng5
f6 9. Bxg4 Bxg4 10. Qxg4 h5 11. Qe6+ Qe7 12. Qf5 fxg5 13. Bxg5 g6 14. Qxg6+ Qf7
15. Qf6 Rg8 16. Qh6 Qxf2+ 17. Kd1 Qxg2 18. Re1 Rxg5 19. d4 Bxd4 20. c3 Bf2 21.
Re2 Qg1+ 22. Kc2 Nb4+ 23. cxb4 O-O-O 24. Qe6+ Kb8 25. Qe7 Rdg8 26. a3 Qxa1 27.
Kb3 Bh4 28. Rc2 Rg2 29. Rxc7 Bxe7 30. Rxe7 Rh8 31. Nc3 Rxh2 32. a4 Qxb2+ 33.
Kc4 Rc2 34. Kb5 a6+ 35. Kb6 Rxc3 36. Ka5 Rc4 37. Kb6 Qxb4# 0-1

[Event "Tournoi Skype 020B"]
[Site "Skype"]
[Date "????.??.??"]
[Round "4.35"]
[White "Marty, Yvette"]
[Black "Schnell, Nicolas"]
[Result "0-1"]
[WhiteElo "1000"]
[BlackElo "1000"]
[PlyCount "28"]

1. e4 Nc6 2. Nf3 d5 3. e5 e6 4. c4 d4 5. d3 g5 6. Bxg5 f6 7. exf6 Nxf6 8. Bxf6
Qxf6 9. Nbd2 Bb4 10. Be2 e5 11. O-O e4 12. Nxe4 Qg6 13. a3 Rg8 14. axb4 Qxg2#
0-1

[Event "Tournoi Skype 020B"]
[Site "Skype"]
[Date "????.??.??"]
[Round "5.1"]
[White "Fernandez Cabello, Emilio"]
[Black "Jogi, Kalpesh"]
[Result "1-0"]
[WhiteElo "1520"]
[BlackElo "1000"]
[PlyCount "65"]

1. e4 e5 2. Bc4 Nf6 3. d4 Nc6 4. Nf3 exd4 5. O-O Bc5 6. e5 Ng4 7. Bxf7+ Kxf7 8.
Ng5+ Kg8 9. Qxg4 Nxe5 10. Qg3 d6 11. Ne4 Bb6 12. Bg5 Qf8 13. Nf6+ Kf7 14. Nd5
c6 15. Nxb6 axb6 16. Qf4+ Ke8 17. Qxd4 h6 18. Bf4 c5 19. Qe3 Qf6 20. Nc3 Kf7
21. Nd5 Qd8 22. Bxe5 dxe5 23. Qxe5 Ra5 24. Qh5+ g6 25. Qf3+ Kg7 26. Qc3+ Kf7
27. Ne3 Bd7 28. Rfd1 Qc8 29. Rd6 Rd8 30. Qf6+ Kg8 31. Qxg6+ Kf8 32. Rf6+ Ke7
33. Qf7# 1-0

[Event "Tournoi Skype 020B"]
[Site "Skype"]
[Date "????.??.??"]
[Round "5.2"]
[White "Mordaa, Ahmad"]
[Black "Diaz, Jose Garcia"]
[Result "1/2-1/2"]
[WhiteElo "1413"]
[BlackElo "1251"]
[PlyCount "112"]

1. e4 c5 2. Nf3 d6 3. d3 Nc6 4. Nbd2 Nf6 5. g3 g6 6. Bg2 Bg7 7. c3 Bd7 8. O-O
Qc8 9. Re1 Bh3 10. Bh1 h6 11. Nf1 e5 12. Ne3 O-O 13. Qb3 Rb8 14. Nh4 b5 15. Qc2
Nh5 16. Nd5 Re8 17. Bd2 Ne7 18. Qc1 Nxd5 19. exd5 Kh7 20. Bf3 Bg4 21. Bg2 Bh3
22. Bh1 Bf6 23. Ng2 g5 24. Ne3 Ng7 25. Be4+ Kg8 26. f3 c4 27. dxc4 bxc4 28. g4
Bd8 29. Nf5 Nxf5 30. Bxf5 Bb6+ 31. Be3 Qb7 32. Be4 Bxe3+ 33. Rxe3 Qxb2 34. Qxb2
Rxb2 35. Rb1 Rxb1+ 36. Bxb1 Rb8 37. Re1 Rb2 38. a4 Rg2+ 39. Kh1 Rf2 40. Be4 Ra2
41. Rc1 Rxa4 42. Kg1 Ra2 43. Bc2 Ra3 44. Kf2 h5 45. Kg3 hxg4 46. fxg4 Rxc3+ 47.
Kf2 Bxg4 48. Bh7+ Kxh7 49. Rxc3 Bd1 50. Rxc4 Bb3 51. Rc6 Bxd5 52. Rxd6 Be6 53.
Ra6 Kg6 54. Rxa7 f5 55. Ra6 Kf7 56. Ra7+ Kf6 1/2-1/2

[Event "Tournoi Skype 020B"]
[Site "Skype"]
[Date "????.??.??"]
[Round "5.3"]
[White "Luna Perez Vico, Lorenzo"]
[Black "Kruk, Clementine"]
[Result "1/2-1/2"]
[WhiteElo "1550"]
[BlackElo "1443"]
[PlyCount "55"]

1. e4 e5 2. Nf3 Nc6 3. Bc4 Bc5 4. a3 Nf6 5. Nc3 d6 6. h3 Be6 7. Qe2 O-O 8. Ng5
Bxc4 9. Qxc4 h6 10. Nf3 Re8 11. O-O Na5 12. Qe2 d5 13. b4 d4 14. Na2 d3 15.
cxd3 Nb3 16. Rb1 Nxc1 17. Rbxc1 Bb6 18. Nc3 c5 19. b5 a6 20. a4 axb5 21. axb5
Ba5 22. Ra1 Qb6 23. Rfb1 Bxc3 24. Rxa8 Rxa8 25. dxc3 Nd7 26. c4 Qa5 27. Qb2 Qa2
28. Qxa2 1/2-1/2

[Event "Tournoi Skype 020B"]
[Site "Skype"]
[Date "????.??.??"]
[Round "5.4"]
[White "Gerbaux, Regis"]
[Black "Dhenain, Sebastien"]
[Result "1-0"]
[WhiteElo "1505"]
[BlackElo "1230"]
[PlyCount "51"]

1. e4 e5 2. Nf3 Nc6 3. Bc4 Nf6 4. Nc3 h6 5. d4 exd4 6. Nxd4 Nxd4 7. Qxd4 Bb4 8.
Bd2 O-O 9. O-O Bxc3 10. Bxc3 d6 11. Rad1 Re8 12. Rfe1 Bg4 13. f3 Bh5 14. e5 Nd7
15. e6 Ne5 16. exf7+ Bxf7 17. Bxf7+ Kxf7 18. Qf4+ Kg8 19. Bxe5 Rf8 20. Qc4+ Kh7
21. Bc3 Qg5 22. Rd5 Qg6 23. Re7 Qxc2 24. Rxg7+ Kh8 25. Rxc7+ Kg8 26. Rf5+ 1-0

[Event "Tournoi Skype 020B"]
[Site "Skype"]
[Date "????.??.??"]
[Round "5.5"]
[White "Hargez, Dany"]
[Black "Levantini, Claudio"]
[Result "1/2-1/2"]
[WhiteElo "1462"]
[BlackElo "1242"]
[PlyCount "79"]

1. e4 e5 2. d4 exd4 3. Nf3 Nc6 4. c3 dxc3 5. Nxc3 Bb4 6. Bc4 h6 7. O-O d6 8.
Nd5 Ba5 9. Bb5 a6 10. Bxc6+ bxc6 11. Ne3 Bd7 12. e5 d5 13. b3 Ne7 14. Bb2 O-O
15. Qd4 Bb6 16. Qh4 Ng6 17. Qg3 Be6 18. h4 d4 19. Rad1 c5 20. h5 Ne7 21. Ng4
Kh7 22. Nh4 Nf5 23. Qd3 g6 24. Nf6+ Kg7 25. Nxf5+ Bxf5 26. Qg3 Qe7 27. Rd3 Bxd3
28. Rd1 Bf5 29. Bc1 c6 30. f4 Qe6 31. Kf2 Bd8 32. Re1 Bxf6 33. exf6+ Qxf6 34.
Re5 Rad8 35. Rxc5 d3 36. Bd2 Rfe8 37. Bc3 Re2+ 38. Kf1 Qxc3 39. Rxc3 d2 40. Qd3
1/2-1/2

[Event "Tournoi Skype 020B"]
[Site "Skype"]
[Date "????.??.??"]
[Round "5.6"]
[White "Chavero, Victor"]
[Black "De Nobrega, George"]
[Result "1-0"]
[WhiteElo "1376"]
[BlackElo "1435"]
[PlyCount "129"]

1. d4 Nf6 2. Nf3 d5 3. e3 a6 4. Bd3 Nc6 5. O-O e6 6. b3 Bd6 7. Bb2 Nb4 8. Be2
Ng4 9. a3 Nc6 10. Nbd2 O-O 11. h3 Nf6 12. Rc1 Qe7 13. Ra1 e5 14. Nxe5 Nxe5 15.
dxe5 Bxe5 16. c3 Bf5 17. Nf3 Bd6 18. Nd4 Bd7 19. Bd3 c5 20. Nf3 Rac8 21. Re1
Rfd8 22. Bc2 Bb5 23. a4 Bc6 24. Qc1 c4 25. Ba3 Bxa3 26. Rxa3 Ne4 27. bxc4 dxc4
28. Bb1 Nc5 29. Bc2 Bxf3 30. gxf3 Qg5+ 31. Kh2 Nd3 32. f4 Qf5 33. Bxd3 Qxd3 34.
Qb1 Qxb1 35. Rxb1 Rb8 36. a5 Rd7 37. Ra4 Rc7 38. Rbb4 Rbc8 39. Kg3 g6 40. h4
Kg7 41. Rb6 f5 42. Re6 Kf7 43. Re5 Rc5 44. Rxc5 Rxc5 45. Rb4 Rc7 46. Rb6 Ke7
47. h5 gxh5 48. Kh4 Kf7 49. Kxh5 Kg7 50. Rh6 Rc6 51. Rxc6 bxc6 52. Kg5 h6+ 53.
Kxf5 h5 54. Kg5 h4 55. Kxh4 Kg6 56. Kg4 Kf6 57. f5 Kf7 58. Kg5 Kg7 59. f6+ Kf7
60. Kf5 c5 61. e4 Kf8 62. Ke6 Ke8 63. f7+ Kf8 64. e5 Kg7 65. Ke7 1-0

[Event "Tournoi Skype 020B"]
[Site "Skype"]
[Date "????.??.??"]
[Round "5.7"]
[White "Khatanhar, Mohit"]
[Black "Sommadossi, Roberto"]
[Result "0-1"]
[WhiteElo "1369"]
[BlackElo "1423"]
[PlyCount "44"]

1. e4 e5 2. Nf3 Nc6 3. Be2 Nf6 4. d3 Bc5 5. h3 d6 6. Bd2 O-O 7. O-O Nh5 8. Nxe5
Ng3 9. Nxc6 bxc6 10. Re1 Qh4 11. Be3 Bxh3 12. Bxc5 Nxe2+ 13. Qxe2 Bg4 14. Qe3
Qf6 15. Bd4 Qg6 16. Nd2 Rfe8 17. f3 Bd7 18. Nf1 c5 19. Bc3 c6 20. Nh2 d5 21.
Bd2 Bh3 22. Kh1 Qxg2# 0-1

[Event "Tournoi Skype 020B"]
[Site "Skype"]
[Date "????.??.??"]
[Round "5.8"]
[White "Zenini, Simone"]
[Black "Vervoort, Jean-Louis"]
[Result "0-1"]
[WhiteElo "1420"]
[BlackElo "1209"]
[PlyCount "40"]

1. d4 d5 2. Bf4 Bf5 3. e3 e6 4. Nf3 Nf6 5. Nbd2 Bb4 6. c3 Bd6 7. Qa4+ Qd7 8.
Qb3 b6 9. Be5 Qe7 10. Rc1 O-O 11. Be2 Nbd7 12. c4 c6 13. O-O h6 14. Bd3 Bg4 15.
h3 Bxf3 16. Nxf3 Rab8 17. a3 c5 18. cxd5 exd5 19. Bxf6 Nxf6 20. Rfe1 c4 0-1

[Event "Tournoi Skype 020B"]
[Site "Skype"]
[Date "????.??.??"]
[Round "5.9"]
[White "Khunte, Aniruddha"]
[Black "Marino, Giuseppe"]
[Result "1/2-1/2"]
[WhiteElo "1000"]
[BlackElo "1418"]
[PlyCount "56"]

1. e4 e5 2. Nf3 d6 3. Nc3 c6 4. d4 exd4 5. Qxd4 Nf6 6. e5 dxe5 7. Qxd8+ Kxd8 8.
Nxe5 Be6 9. Bc4 Ke8 10. O-O Bxc4 11. Nxc4 Nbd7 12. Re1+ Kd8 13. Bf4 Bc5 14. Bd6
b6 15. Bxc5 Nxc5 16. Rad1+ Ncd7 17. Nd6 Rf8 18. Nce4 Ne8 19. Ng5 Nxd6 20. Rxd6
Kc7 21. Red1 Nf6 22. h3 h6 23. Nf3 Ne4 24. Rd7+ Kc8 25. Ne5 Nf6 26. R7d6 c5 27.
Nc6 Kc7 28. Ne5 Rae8 1/2-1/2

[Event "Tournoi Skype 020B"]
[Site "Skype"]
[Date "????.??.??"]
[Round "5.10"]
[White "Delmonte, Davide"]
[Black "Briere, Jean"]
[Result "1/2-1/2"]
[WhiteElo "1195"]
[BlackElo "1390"]
[PlyCount "49"]

1. e4 e5 2. Nf3 Nc6 3. d4 exd4 4. Nxd4 Bc5 5. Nxc6 bxc6 6. Bd3 d6 7. O-O Nf6 8.
Nc3 O-O 9. Re1 Re8 10. h3 h6 11. Na4 Bb6 12. Nxb6 cxb6 13. Qf3 Bb7 14. Qg3 Nh5
15. Qf3 Re5 16. Bd2 Qf6 17. Qxf6 Nxf6 18. Bc3 Re6 19. e5 dxe5 20. Bf5 Re7 21.
Rxe5 Rxe5 22. Bxe5 Re8 23. Re1 c5 24. f4 Bc6 25. Kf2 1/2-1/2

[Event "Tournoi Skype 020B"]
[Site "Skype"]
[Date "????.??.??"]
[Round "5.11"]
[White "Sanchez Padilla, Armando Edilber"]
[Black "Escudero Ocana, Francisco"]
[Result "0-1"]
[WhiteElo "1000"]
[BlackElo "1446"]
[PlyCount "104"]

1. e4 e5 2. Nf3 Nc6 3. Bb5 a6 4. Ba4 Nf6 5. d3 Bc5 6. c3 b5 7. Bb3 O-O 8. O-O
h6 9. d4 exd4 10. cxd4 Bb6 11. e5 Ne4 12. Bd5 Ng5 13. Be3 Nxf3+ 14. Qxf3 Qe8
15. Qg3 Bxd4 16. Bxh6 Bxe5 17. Qg5 Bxb2 18. Nd2 Qe5 19. Rae1 Qxg5 20. Bxg5 Bc3
21. Re2 Nd4 22. Re7 c6 23. Be4 d5 24. Bb1 Be6 25. Re1 Nf5 26. Rc7 Bxd2 27. Bxd2
Rfc8 28. Rxc8+ Rxc8 29. a3 Nd4 30. Re5 c5 31. Rh5 g6 32. Rg5 f5 33. Rxg6+ Kf7
34. Rh6 c4 35. Bg5 c3 36. Rf6+ Kg7 37. h4 c2 38. Bxc2 Rxc2 39. h5 Bg8 40. h6+
Kh7 41. Rxa6 Rc6 42. Ra7+ Kg6 43. f4 Ne6 44. g3 Nxg5 45. fxg5 d4 46. Rg7+ Kh5
47. h7 Bxh7 48. Rxh7+ Kxg5 49. Kg2 Rc3 50. Rh4 d3 51. Rd4 Rxa3 52. Kf3 d2+ 0-1

[Event "Tournoi Skype 020B"]
[Site "Skype"]
[Date "????.??.??"]
[Round "5.12"]
[White "Vello, Pablo"]
[Black "Bacha, Mehdi"]
[Result "1-0"]
[WhiteElo "1289"]
[BlackElo "1030"]
[PlyCount "45"]

1. d4 Nf6 2. Bf4 e6 3. Nf3 Bb4+ 4. c3 Bd6 5. Bg3 O-O 6. Nbd2 Nc6 7. e4 Bxg3 8.
hxg3 d5 9. e5 Ne4 10. Bd3 Bd7 11. Nxe4 dxe4 12. Bxe4 f5 13. exf6 Rxf6 14. Bxh7+
Kf8 15. Be4 Rc8 16. Rh8+ Ke7 17. Rxd8 Rxd8 18. Qb3 Rh8 19. Ke2 b6 20. Nh4 Na5
21. Qc2 Rhf8 22. Ng6+ Kd8 23. Nxf8 1-0

[Event "Tournoi Skype 020B"]
[Site "Skype"]
[Date "????.??.??"]
[Round "5.13"]
[White "Porcabeuf, Jean-Marc"]
[Black "Aceituno, Stebe"]
[Result "0-1"]
[WhiteElo "1337"]
[BlackElo "1491"]
[PlyCount "48"]

1. d4 Nf6 2. e3 g6 3. Bd3 Bg7 4. Nf3 d6 5. c4 Nbd7 6. O-O O-O 7. Nc3 c5 8. Re1
cxd4 9. exd4 Re8 10. Be3 e5 11. Qc2 b6 12. d5 Bb7 13. Re2 Rc8 14. Qd2 e4 15.
Bxe4 Nxe4 16. Nxe4 Rxe4 17. b3 Ne5 18. Bg5 Nxf3+ 19. gxf3 Rxe2 20. Qf4 Qd7 21.
Kf1 Rce8 22. Rd1 Qh3+ 23. Kg1 Re1+ 24. Rxe1 Rxe1# 0-1

[Event "Tournoi Skype 020B"]
[Site "Skype"]
[Date "????.??.??"]
[Round "5.14"]
[White "Bustos, Ricardo"]
[Black "Junqueira, Leonardo De Faria"]
[Result "1/2-1/2"]
[WhiteElo "1318"]
[BlackElo "1489"]
[PlyCount "97"]

1. d4 c5 2. d5 Nf6 3. c4 b5 4. b3 g6 5. Bb2 Bg7 6. Nd2 O-O 7. Ngf3 d6 8. h3
bxc4 9. bxc4 Na6 10. a3 Re8 11. e3 e6 12. Be2 exd5 13. cxd5 Nc7 14. Bc4 Bb7 15.
Qb3 Rb8 16. Qa2 Bxd5 17. Bxd5 Ncxd5 18. O-O Nc7 19. Rab1 Qe7 20. Bxf6 Qxf6 21.
Rxb8 Rxb8 22. Rb1 Rxb1+ 23. Qxb1 Qa1 24. Qxa1 Bxa1 25. Nc4 d5 26. Ncd2 c4 27.
Kf1 Na6 28. Ke2 Bb2 29. Nb1 Nc5 30. Kd2 Ne4+ 31. Kc2 Bf6 32. Nd4 Nxf2 33. Nc3
Ne4 34. Nxd5 Be5 35. Ne7+ Kf8 36. Nec6 Bxd4 37. exd4 a6 38. Ne5 c3 39. d5 Ke7
40. g4 f6 41. Nc6+ Kd6 42. Nb4 a5 43. Nd3 Kxd5 44. Nf4+ Kc4 45. Ne2 Nf2 46.
Nxc3 Nxh3 47. Ne4 f5 48. gxf5 gxf5 49. Nd6+ 1/2-1/2

[Event "Tournoi Skype 020B"]
[Site "Skype"]
[Date "????.??.??"]
[Round "5.15"]
[White "Lemoine, Gerard"]
[Black "Malbec, Robert"]
[Result "0-1"]
[WhiteElo "1297"]
[BlackElo "1477"]
[PlyCount "134"]

1. d4 d5 2. c4 c6 3. Nf3 Bg4 4. Bg5 h6 5. Bh4 Nd7 6. Nc3 dxc4 7. e4 b5 8. a3 a6
9. Be2 Ngf6 10. O-O e6 11. Re1 Be7 12. Bg3 O-O 13. h3 Bxf3 14. Bxf3 Nh7 15. e5
Bh4 16. Bxc6 Rc8 17. Bb7 Rb8 18. Be4 Bxg3 19. Bxh7+ Kxh7 20. fxg3 Qg5 21. Ne4
Qg6 22. g4 Rbd8 23. h4 f5 24. exf6 gxf6 25. h5 Qg7 26. Kh2 Ne5 27. Nf2 Qg5 28.
Qc2+ Nd3 29. Nxd3 cxd3 30. Qxd3+ Kg7 31. Kh3 Rfe8 32. Rad1 Rd6 33. Qe3 Qxe3+
34. Rxe3 e5 35. d5 Red8 36. Red3 Rc8 37. Rc3 Rcd8 38. Rc7+ Kg8 39. Rc6 Rxc6 40.
Kg3 Rcd6 41. b4 Rxd5 42. Rc1 Rd3+ 43. Kf2 Rxa3 44. Re1 Rb3 45. g5 hxg5 46. g4
Rxb4 47. h6 Kh7 48. Kf3 Kxh6 49. Ke3 Rc8 50. Kd3 Rd4+ 51. Ke3 Rc3+ 52. Kf2 Rd2+
53. Re2 Rxe2+ 54. Kxe2 e4 55. Kd2 Rg3 56. Ke2 Rxg4 57. Ke3 f5 58. Kd4 b4 59.
Ke5 e3 60. Kxf5 Rf4+ 61. Ke5 e2 62. Ke6 e1=Q+ 63. Kd5 Qe4+ 64. Kc5 Rf5+ 65. Kb6
Qe6+ 66. Ka7 Rf7+ 67. Ka8 Qe8# 0-1

[Event "Tournoi Skype 020B"]
[Site "Skype"]
[Date "????.??.??"]
[Round "5.16"]
[White "Hernandez Lopez, Joaquin"]
[Black "Martin, Jean-Claude"]
[Result "1/2-1/2"]
[WhiteElo "1289"]
[BlackElo "1434"]
[PlyCount "72"]

1. e4 d5 2. exd5 Qxd5 3. Nc3 Qa5 4. d4 Nf6 5. Nf3 Bg4 6. Be2 Nc6 7. O-O O-O-O
8. Ng5 Rxd4 9. Bd2 Nd8 10. Nge4 h5 11. a3 Nxe4 12. Nxe4 Bxe2 13. Qxe2 Rxe4 14.
Qxe4 Qxd2 15. Rad1 Qh6 16. Rd3 Nc6 17. Rfd1 e6 18. Rd7 Bd6 19. Rxf7 Ne5 20. Rf4
g5 21. Rf3 Nxf3+ 22. Qxf3 g4 23. Qc3 Rf8 24. g3 Kd7 25. b4 Ke7 26. Re1 Qf6 27.
Qd2 Be5 28. Re3 Rd8 29. Rd3 Rxd3 30. cxd3 Bd4 31. Qf4 Bxf2+ 32. Kxf2 Qxf4+ 33.
gxf4 Kf6 34. Kg3 Kf5 35. a4 c6 36. h3 b6 1/2-1/2

[Event "Tournoi Skype 020B"]
[Site "Skype"]
[Date "????.??.??"]
[Round "5.17"]
[White "Kruzeniski, Randy"]
[Black "Farfallini, Michel"]
[Result "1-0"]
[WhiteElo "1425"]
[BlackElo "1316"]
[PlyCount "45"]

1. d4 d5 2. Nf3 Nf6 3. e3 e6 4. Bd3 Bd6 5. O-O O-O 6. b3 Nbd7 7. Bb2 Re8 8. Ne5
c5 9. Nd2 Qc7 10. f4 cxd4 11. exd4 Qb6 12. g4 Nxe5 13. fxe5 Bxe5 14. c3 Bd6 15.
g5 Ne4 16. Nxe4 dxe4 17. Bxe4 g6 18. h4 e5 19. h5 exd4 20. Qf3 dxc3+ 21. Kh1
Rxe4 22. Qxf7+ Kh8 23. Bxc3+ 1-0

[Event "Tournoi Skype 020B"]
[Site "Skype"]
[Date "????.??.??"]
[Round "5.18"]
[White "Bucherie, Volcy"]
[Black "Dubois, Real"]
[Result "0-1"]
[WhiteElo "1236"]
[BlackElo "1381"]
[PlyCount "86"]

1. d4 d5 2. c4 e6 3. Nf3 Bb4+ 4. Bd2 Bxd2+ 5. Qxd2 Nf6 6. Nc3 c6 7. e3 Nbd7 8.
Bd3 O-O 9. O-O a6 10. Rfe1 dxc4 11. Bxc4 b5 12. Bd3 Bb7 13. Rad1 Ng4 14. e4 e5
15. d5 cxd5 16. exd5 Re8 17. Bf5 Ndf6 18. Ng5 g6 19. Bc2 Nxd5 20. Bb3 Nxc3 21.
Qxc3 Qxg5 22. Rd7 Re7 23. Rxe7 Qxe7 24. h3 Nh6 25. Rxe5 Qf8 26. Qc7 Rb8 27. Re7
Ba8 28. g4 Rc8 29. Qa7 Rc1+ 30. Kh2 Rh1+ 31. Kg3 Rg1+ 32. Kf4 Rf1 33. Kg5 Bf3
34. Kf6 Qg7+ 35. Kg5 Kf8 36. Rxf7+ Nxf7+ 37. Kf4 Qh6+ 38. Kxf3 Qxh3+ 39. Kf4
Qh6+ 40. Kf3 Ne5+ 41. Ke4 Re1+ 42. Kd4 Nf3+ 43. Kd3 Qd2# 0-1

[Event "Tournoi Skype 020B"]
[Site "Skype"]
[Date "????.??.??"]
[Round "5.19"]
[White "Lecluyse, Koenraad"]
[Black "Ramirez Reina, Orlando"]
[Result "0-1"]
[WhiteElo "1208"]
[BlackElo "1372"]
[PlyCount "36"]

1. d4 Nf6 2. Nf3 d5 3. e3 Bg4 4. Be2 Bxf3 5. Bxf3 Nbd7 6. O-O e6 7. Nd2 c6 8.
c4 Bd6 9. Qb3 Qc7 10. Re1 O-O 11. e4 dxe4 12. Bxe4 Bxh2+ 13. Kf1 Bf4 14. Qh3 h6
15. Nf3 Bxc1 16. Raxc1 Qf4 17. Ne5 Nxe4 18. Nxd7 Qxf2# 0-1

[Event "Tournoi Skype 020B"]
[Site "Skype"]
[Date "????.??.??"]
[Round "5.20"]
[White "Douichi, Mohammed"]
[Black "Bhandari, Dattatrey"]
[Result "0-1"]
[WhiteElo "1192"]
[BlackElo "1361"]
[PlyCount "170"]

1. e4 e6 2. e5 Nc6 3. Nf3 a6 4. d4 d6 5. d5 Nb4 6. c3 Nxd5 7. Bd3 b5 8. O-O c5
9. b3 Bd7 10. c4 Nb4 11. Be4 Rc8 12. a3 Nc6 13. exd6 Qf6 14. Bxc6 Qxa1 15.
Bxd7+ Kxd7 16. Qc2 Qf6 17. Bb2 Qd8 18. Ne5+ Ke8 19. d7+ Ke7 20. Bd4 Rc7 21.
Bxc5+ Rxc5 22. Qe4 Nf6 23. Nc6+ Rxc6 24. Qxc6 Nxd7 25. Qxa6 bxc4 26. Qxc4 Qb6
27. Nc3 Kd8 28. b4 Bd6 29. Ne4 Ne5 30. Qe2 Ke7 31. Ng5 h6 32. Qh5 g6 33. Qh4 f6
34. Ne4 g5 35. Qh5 Nf7 36. Qg6 Be5 37. Nc5 Bd4 38. Nd3 Ra8 39. Nc5 Bxc5 40.
bxc5 Qxc5 41. Ra1 Rxa3 42. Qb1 Qa7 43. Rxa3 Qxa3 44. Qb7+ Kf8 45. g3 Qc1+ 46.
Kg2 Qe1 47. Qb8+ Kg7 48. Qb2 h5 49. h3 Nh6 50. Qb7+ Nf7 51. Qf3 Kg6 52. g4 h4
53. Qd3+ Kg7 54. Qc2 Qe5 55. Qd2 Nd6 56. Qd1 Qf4 57. Qe1 Kf7 58. f3 Nc4 59. Qf2
Ne3+ 60. Kg1 Kg6 61. Kh1 e5 62. Kg1 Nd1 63. Qc2+ e4 64. Qxd1 Qg3+ 65. Kf1 Qxh3+
66. Kf2 Qg3+ 67. Ke3 Qf4+ 68. Kf2 f5 69. gxf5+ Kxf5 70. Qd5+ Qe5 71. Qd7+ Kg6
72. Qg4 e3+ 73. Ke2 Qf4 74. Qe6+ Kh5 75. Qe8+ Kh6 76. Qe6+ Kg7 77. Qe7+ Kg8 78.
Qxe3 Qh2+ 79. Kd1 Qh1+ 80. Kd2 Qg2+ 81. Kd3 h3 82. Qe8+ Kg7 83. Qe7+ Kg6 84.
Qe8+ Kf6 85. Qh5 Ke6 0-1

[Event "Tournoi Skype 020B"]
[Site "Skype"]
[Date "????.??.??"]
[Round "5.21"]
[White "Battaglia, Gabriele"]
[Black "Erten, Ozlem"]
[Result "1-0"]
[WhiteElo "1360"]
[BlackElo "1015"]
[PlyCount "115"]

1. e4 e5 2. Nf3 Nc6 3. Bb5 a6 4. Bxc6 dxc6 5. O-O Nf6 6. Nc3 Bd6 7. d3 O-O 8.
Be3 Re8 9. Re1 b5 10. d4 b4 11. Ne2 Bg4 12. Nxe5 Bxe5 13. dxe5 Rxe5 14. Qxd8+
Rxd8 15. Rad1 Ree8 16. f3 Be6 17. a3 bxa3 18. bxa3 Rb8 19. Nd4 Rb2 20. Rc1 Ra2
21. Nxc6 Rxa3 22. c4 Nd7 23. Bf4 Rc8 24. Ne7+ Kf8 25. Nxc8 Nc5 26. Red1 Nd3 27.
Ra1 Rxa1 28. Rxa1 Nxf4 29. Rxa6 Bxc4 30. Rc6 Be6 31. Rxc7 Ke8 32. Nd6+ Kd8 33.
Rc5 Kd7 34. Nf5 g6 35. Nd4 Nd3 36. Ra5 Bc4 37. Ra7+ Kd6 38. Ra8 Ke5 39. Nc6+
Kf4 40. Rh8 h5 41. Rc8 Ke3 42. e5 Be6 43. Rc7 Kf4 44. g3+ Kxf3 45. Nd4+ Ke4 46.
Nxe6 fxe6 47. Rg7 Nxe5 48. Kg2 Kf5 49. h3 Nd3 50. Rd7 Nc5 51. Rf7+ Ke4 52. Rf6
g5 53. Rh6 e5 54. Rxh5 Kd3 55. Rxg5 e4 56. Rxc5 e3 57. Kf1 e2+ 58. Ke1 1-0

[Event "Tournoi Skype 020B"]
[Site "Skype"]
[Date "????.??.??"]
[Round "5.22"]
[White "Borg, Anthony"]
[Black "Torres, Vicky"]
[Result "0-1"]
[WhiteElo "1000"]
[BlackElo "1359"]
[PlyCount "46"]

1. e4 c5 2. Nc3 d6 3. Nf3 Nc6 4. Bb5 Bd7 5. Bxc6 Bxc6 6. d3 e5 7. O-O Be7 8.
Re1 Nf6 9. h3 O-O 10. Bg5 a5 11. Bxf6 Bxf6 12. Rb1 b5 13. a3 b4 14. axb4 axb4
15. Ne2 d5 16. c3 dxe4 17. dxe4 Bxe4 18. Qxd8 Raxd8 19. Rbc1 g6 20. cxb4 cxb4
21. Nh2 Bg5 22. Rc4 Bd2 23. Rxb4 Bxb4 0-1

[Event "Tournoi Skype 020B"]
[Site "Skype"]
[Date "????.??.??"]
[Round "5.23"]
[White "Milanese, Serge"]
[Black "Maccaferri, Massimo"]
[Result "1-0"]
[WhiteElo "1442"]
[BlackElo "1261"]
[PlyCount "39"]

1. d4 d5 2. c4 dxc4 3. Nc3 Bd7 4. e3 b5 5. a3 Nc6 6. Nxb5 e5 7. Nc3 Qg5 8. Nf3
Qg6 9. g3 h5 10. Bxc4 exd4 11. exd4 h4 12. Ng5 Ne5 13. Qe2 Be6 14. Qxe5 Bd6 15.
Qe2 O-O-O 16. Ba6+ Kd7 17. Qb5+ c6 18. Qb7+ Bc7 19. Bf4 Re8 20. Qxc7# 1-0

[Event "Tournoi Skype 020B"]
[Site "Skype"]
[Date "????.??.??"]
[Round "5.24"]
[White "Amato, Ludovica"]
[Black "Bouffard, Georges"]
[Result "1-0"]
[WhiteElo "1198"]
[BlackElo "1432"]
[PlyCount "103"]

1. e4 b6 2. Nf3 d6 3. Bc4 h6 4. e5 Be6 5. Qe2 d5 6. Bb3 c6 7. d4 Bf5 8. c4 e6
9. O-O Bb4 10. a3 Ba5 11. Bf4 Nd7 12. Nc3 a6 13. Bc2 Ne7 14. b4 b5 15. bxa5
Qxa5 16. cxd5 Qxc3 17. Bxf5 Nxf5 18. Rfc1 Qa5 19. dxc6 Nb6 20. Bd2 Qa4 21. Qe4
O-O 22. Qc2 Qxc2 23. Rxc2 Nd5 24. Rac1 Nc7 25. Ba5 Rfc8 26. Rc5 Ne7 27. Nd2 Ne8
28. Ne4 Nd5 29. Nd6 Nxd6 30. exd6 Ra7 31. d7 Rca8 32. d8=Q+ Rxd8 33. Bxd8 Nc7
34. Bxc7 Rxc7 35. d5 exd5 36. Rxd5 Kh7 37. Rd7 Rc8 38. c7 Kg6 39. Rd8 Rxc7 40.
Rxc7 f6 41. Rd5 h5 42. Rcc5 f5 43. Rxf5 h4 44. Rg5+ Kf6 45. Rcf5+ Ke6 46. Rf4
Kd6 47. Rxg7 Ke5 48. Rxh4 Kd5 49. Rg5+ Kc6 50. Rh6+ Kb7 51. Rg7+ Kc8 52. Rh8#
1-0